| 000 | 00684nam a22002297a 4500 | ||
|---|---|---|---|
| 001 | 25505 | ||
| 005 | 20260428172537.0 | ||
| 008 | 260427b |||||||| |||| 00| 0 spa d | ||
| 020 | _a9786124265853 | ||
| 082 |
_a348.6 _bA69T |
||
| 100 |
_aArévalo Vela, Javier _eAUT |
||
| 245 | _aTratado de derecho laboral | ||
| 260 |
_aLima : _bInstituto Pacífico, _c2016 |
||
| 300 |
_a846 páginas : _bilustraciones, cuadros ; _c25 cm. |
||
| 440 | _a ; | ||
| 650 | _aCIS | ||
| 653 | _aDelerecho laboral; Legislación Perú | ||
| 654 | _aCDE | ||
| 700 | _a; | ||
| 856 |
_zhttps://itmsp.museknowledge.com/UCSP?groupID=2 _uVéase además: Biblioteca Digital |
||
| 942 |
_cLIB _dJUS _fMIP _n0 _2ddc |
||
| 999 |
_c25505 _d25505 |
||